Estadísticas para Distritos de Surinam

Haz click aquí para intentar la prueba.

Estadísticas generales

  • Esta prueba ha sido intentada 17 veces
  • La puntuación promedio es 5 de 10

Estadísticas de respuestas

Respuesta% Correcto
Para
100%
Paramaribo
100%
Brokopondo
75%
Commewijne
50%
Coronie
50%
Nickerie
50%
Wanica
50%
Saramacca
25%
Marowijne
0%
Sipallwini
0%

Distribución de puntuación

Porcentaje por número respondido

Porcentaje de gente con cada puntuación

Historial de tus puntuaciones

No has intentado esta prueba.